| 000 | 00495nam a2200181Ia 4500 | ||
|---|---|---|---|
| 003 | GCL | ||
| 008 | 140319s9999 xx 000 0 eng d | ||
| 040 |
_aGCL / _cGCL |
||
| 082 | 0 | 4 |
_a574.03 _bM C |
| 100 | 1 | _aMARTIN, ELIZABETH | |
| 245 | 1 | 0 |
_aA CONCISE DICTIONARY OF BIOLOGY / _cMARTIN, ELIZABETH |
| 260 |
_a[S.N] : _bOXFORD UNIVERSITY PRESS ، _c1990 |
||
| 300 | _a266 P | ||
| 650 | 0 | 4 | _aBIOLOGY |
| 650 | 0 | 4 | _aBIOLOGY, DICTIONARIES |
| 650 | 0 | 4 | _aCONCISE SCIENCE DICTIONARY |
| 942 |
_2ddc _cBK |
||
| 999 |
_c13309 _d13309 |
||